01225cam a2200325 a 4500999001700000001000900017003000400026005001700030008004100047010001700088020003900105020003800144040002200182043001200204050002300216082001700239245012800256260004800384300002600432504006600458650003400524650002500558650003100583650003400614700002800648700001800676906004500694942003500739952012500774 c24095d2409516010889OSt20170127162432.0091207s2010 ncu b 001 0 eng c a 2009050790 a9780822346302 (cloth : alk. paper) a9780822346425 (pbk. : alk. paper) aNcD/DLCcDLCdDLC acl-----00aNX501.5b.Z35 201000a709.03/222200aBaroque new worlds :brepresentation, transculturation, counterconquest /cedited by Lois Parkinson Zamora and Monika Kaup. aDurham, NC :bDuke University Press,c2010. axvi, 671 p. ;c24 cm. aIncludes bibliographical references (p. [627]-644) and index. 0aArts, BaroquezLatin America. 0aArt, Latin American. 0aLatin American literature. 0aCultural fusion and the arts.1 aZamora, Lois Parkinson.1 aKaup, Monika. a7bcbccorignewd1eecipf20gy-gencatlg 2lcccBOOKShNX 501.5 .Z35 2010 00102lcc4070aMUCbMUCcTECHd2017-01-27eDonation (BFA)l0oNX 501.5 .Z35 2010p32594r2018-07-19w2017-01-27yBOOKS